[Event "28th Czech Open A 2017"]
[Site "Pardubice CZE"]
[Date "2017.07.25"]
[Round "5.30"]
[White "Chigaev, Maksim"]
[Black "Heidrich, Manfred"]
[Result "1-0"]
[WhiteTitle "GM"]
[BlackTitle "FM"]
[WhiteElo "2578"]
[BlackElo "2366"]
[WhiteFideId "4108116"]
[BlackFideId "4602722"]
[EventDate "2017.07.21"]

1. Nf3 f5 2. d3 d6 3. e4 e5 4. Nc3 c5 5. g3 Nc6 6. Bh3 Nd4 7. exf5 Nxf5 8. Bg2
Be7 9. O-O Nf6 10. a3 Nd4 11. Nxd4 cxd4 12. Nd5 O-O 13. Nxe7+ Qxe7 14. c3 dxc3
15. bxc3 Bg4 16. Qb3+ Qf7 17. Qxb7 Qxb7 18. Bxb7 Rab8 19. Ba6 Rb6 20. Bc4+ d5
21. Ba2 Be2 22. Re1 Bxd3 23. Rxe5 Bc4 24. Bxc4 dxc4 25. Be3 Rb2 26. h3 Rf7 27.
Bd4 h6 28. a4 Rd7 29. a5 Kf7 30. Ra4 Nd5 31. Rxc4 Rb5 32. Ra4 Rb1+ 33. Kg2 a6
34. Ra2 Rc1 35. Rb2 Rd6 36. Rb7+ Kg6 37. Rxg7+ 1-0

[Event "28th Czech Open A 2017"]
[Site "Pardubice CZE"]
[Date "2017.07.25"]
[Round "5.31"]
[White "Chekletsov, Ilya"]
[Black "Ghosh, Diptayan"]
[Result "0-1"]
[WhiteTitle "FM"]
[BlackTitle "GM"]
[WhiteElo "2350"]
[BlackElo "2569"]
[WhiteFideId "24177156"]
[BlackFideId "5045207"]
[EventDate "2017.07.21"]

1. d4 Nf6 2. c4 e6 3. g3 d5 4. Bg2 Bb4+ 5. Nd2 O-O 6. Nf3 b6 7. O-O Bb7 8. Qc2
Nbd7 9. b3 Rc8 10. Bb2 c5 11. dxc5 Bxc5 12. Rad1 Qe7 13. Qb1 Ba6 14. e4 dxc4 15.
e5 Ng4 16. Nxc4 Bxc4 17. bxc4 Rfd8 18. h3 Nxf2 19. Rxf2 Bxf2+ 20. Kxf2 Qc5+ 21.
Bd4 Qxc4 22. Bf1 Qc2+ 23. Be2 Qxb1 24. Rxb1 Rc2 25. Rb2 Rdc8 26. Ne1 Rxb2 27.
Bxb2 Nc5 28. Ke3 Na4 29. Bd4 Nc3 30. Ba6 Rc7 31. a3 Nb1 32. Bb2 Nxa3 33. Kd3 Rc5
34. Bd4 Ra5 35. Bb7 Nb5 36. Bb2 Nc7 37. Nc2 Nd5 38. Ba3 Rb5 39. Kc4 Rb1 40. Bxd5
exd5+ 41. Kxd5 Rg1 42. g4 Rg3 43. Bd6 Rxh3 44. Nd4 Rg3 45. Nb5 Rxg4 46. Nxa7 h5 0-1

[Event "28th Czech Open A 2017"]
[Site "Pardubice CZE"]
[Date "2017.07.25"]
[Round "5.32"]
[White "Hauchard, Arnaud"]
[Black "Koykka, Pekka"]
[Result "1-0"]
[WhiteTitle "GM"]
[BlackTitle "FM"]
[WhiteElo "2550"]
[BlackElo "2351"]
[WhiteFideId "600113"]
[BlackFideId "504319"]
[EventDate "2017.07.21"]

1. Nf3 d5 2. g3 Nf6 3. Bg2 e6 4. O-O Be7 5. d3 c5 6. Nbd2 Nc6 7. e4 b5 8. Re1
Bb7 9. exd5 Nxd5 10. c4 Nb6 11. cxb5 Nb4 12. Ne5 Bxg2 13. Kxg2 Qd5+ 14. Ndf3
Nxa2 15. Nc6 Nb4 16. Nxe7 Kxe7 17. d4 c4 18. b3 Qxb5 19. Re5 N6d5 20. Bg5+ Kd7
21. Qe2 Rhc8 22. Rc1 Nd3 23. Rxc4 Rxc4 24. Qxd3 Rb4 25. Qxh7 Qb8 26. Qxg7 Qf8
27. Rxd5+ exd5 28. Ne5+ Kc7 29. Qf6 Rb6 30. Qf5 Re6 31. Bf4 Kb7 32. Nd7 Qe7 33.
Nc5+ Kc6 34. Qd3 a6 35. Qc3 Kb5 36. Qd3+ Kb6 37. h4 Ka7 38. Qf5 Qe8 39. h5 Rd8
40. Nxe6 fxe6 41. Qe5 Rd7 42. h6 Rb7 43. Qf6 Qg8 44. f3 a5 45. g4 Qc8 46. Kg3
Qc3 47. g5 Qe1+ 48. Kg4 Qg1+ 49. Bg3 Qh1 50. Qxe6 Rxb3 51. Qf7+ Ka6 52. h7 Rxf3
53. Qxf3 Qxh7 54. Qxd5 1-0

[Event "28th Czech Open A 2017"]
[Site "Pardubice CZE"]
[Date "2017.07.25"]
[Round "5.33"]
[White "Cvek, Robert"]
[Black "Sochacki, Wojtek"]
[Result "1-0"]
[WhiteTitle "GM"]
[BlackTitle "FM"]
[WhiteElo "2516"]
[BlackElo "2350"]
[WhiteFideId "307424"]
[BlackFideId "651389"]
[EventDate "2017.07.21"]

1. d4 Nf6 2. c4 e6 3. Nc3 Bb4 4. e3 O-O 5. Ne2 Re8 6. a3 Bf8 7. Ng3 d5 8. Be2 b6
9. O-O Bb7 10. cxd5 exd5 11. Bd2 c5 12. dxc5 bxc5 13. Na4 d4 14. Rc1 Nbd7 15.
exd4 cxd4 16. Bf4 Ne5 17. Nc5 Bxc5 18. Rxc5 Nfd7 19. Rb5 d3 20. Rxb7 dxe2 21.
Nxe2 Nc5 22. Qxd8 Rexd8 23. Rb5 Ned3 24. Be3 Ne6 25. b4 a6 26. Rb7 Nb2 27. Nf4
Nd4 28. Bxd4 Rxd4 29. g3 Nc4 30. a4 Ne5 31. Rc1 g5 32. Nh5 g4 33. Kg2 Rd2 34.
Rcc7 Rad8 35. Re7 Nf3 36. Rxf7 Rxf2+ 37. Kxf2 Rd2+ 38. Ke3 1-0

[Event "28th Czech Open A 2017"]
[Site "Pardubice CZE"]
[Date "2017.07.25"]
[Round "5.34"]
[White "Vetoshko, Volodymyr"]
[Black "Wenninger, Philipp"]
[Result "1-0"]
[WhiteTitle "GM"]
[WhiteElo "2505"]
[BlackElo "2347"]
[WhiteFideId "14122480"]
[BlackFideId "4648404"]
[EventDate "2017.07.21"]

1. e4 c6 2. d4 d5 3. e5 Bf5 4. Nd2 e6 5. Nb3 Nd7 6. Nf3 Ne7 7. Be2 h6 8. O-O g5
9. Ne1 Qc7 10. Nd3 Ng6 11. Be3 c5 12. dxc5 Ngxe5 13. Nxe5 Nxe5 14. Nd4 Bg6 15.
Nb5 Qc6 16. Bd4 Bg7 17. f4 gxf4 18. Nd6+ Ke7 19. Rxf4 Nd3 20. Qxd3 Bxd3 21.
Rxf7+ Kd8 22. Rxg7 e5 23. Bf2 Qd7 24. Rxd7+ Kxd7 25. Bxd3 e4 26. Bb5+ Ke6 27.
Nxb7 a6 28. Be2 Ke5 29. Rd1 Rh7 30. c6 1-0

[Event "28th Czech Open A 2017"]
[Site "Pardubice CZE"]
[Date "2017.07.25"]
[Round "5.35"]
[White "Flick, Antoine"]
[Black "Kovacevic, Blazimir"]
[Result "1/2-1/2"]
[WhiteTitle "FM"]
[BlackTitle "IM"]
[WhiteElo "2331"]
[BlackElo "2499"]
[WhiteFideId "26025736"]
[BlackFideId "14502712"]
[EventDate "2017.07.21"]

1. d4 e6 2. Nf3 f5 3. g3 Nf6 4. Bg2 d5 5. O-O Bd6 6. c4 O-O 7. b3 b6 8. Ba3 Bb7
9. Qc1 Ne4 10. Bxd6 cxd6 11. Nbd2 Nd7 12. Qb2 Ndf6 13. Rac1 Qe7 14. Ne1 dxc4 15.
Nxc4 Rac8 16. Nd3 Ba6 17. Qa3 Bxc4 18. Rxc4 Rxc4 19. bxc4 Rc8 20. Rc1 Rc7 21.
Qb2 Ng5 22. c5 bxc5 23. dxc5 dxc5 1/2-1/2

[Event "28th Czech Open A 2017"]
[Site "Pardubice CZE"]
[Date "2017.07.25"]
[Round "5.36"]
[White "Chernyshov, Konstantin"]
[Black "Krapivin, Vladislav"]
[Result "0-1"]
[WhiteTitle "GM"]
[BlackTitle "IM"]
[WhiteElo "2498"]
[BlackElo "2327"]
[WhiteFideId "4117328"]
[BlackFideId "4126149"]
[EventDate "2017.07.21"]

1. e4 d6 2. d4 Nf6 3. Nc3 e5 4. dxe5 dxe5 5. Qxd8+ Kxd8 6. Bc4 Ke8 7. f3 c6 8.
Nge2 Nbd7 9. a3 Nc5 10. Ng3 Be6 11. Be2 a5 12. b3 h5 13. h4 Ncd7 14. Bb2 Bc5 15.
Na4 Be3 16. Nf5 Bxf5 17. exf5 b5 18. Nc3 Bd4 19. O-O-O b4 20. Na4 Bxb2+ 21. Kxb2
Nd5 22. Bc4 Ne3 23. Bxf7+ Kxf7 24. Rxd7+ Kf6 25. axb4 axb4 26. g4 hxg4 27. fxg4
Rad8 28. Rc7 Nxg4 29. Rxc6+ Kxf5 30. Rf1+ Ke4 31. Nc5+ Ke3 32. Ne6 Rd7 33. Rc4
Nf2 34. Nc5 Rd5 35. Rxf2 Kxf2 36. Nd3+ Kf3 37. Nxb4 Rd4 38. Rc3+ Kf4 39. Nd3+
Kf5 40. Rc5 Re8 41. h5 Rh4 42. b4 Rxh5 43. b5 Rh6 44. c4 g5 45. Kc3 g4 46. Rd5
g3 47. Ne1 Rh1 48. Ng2 Rg1 49. Rd2 e4 50. Re2 Rxg2 51. Rxg2 Kf4 52. b6 Kf3 53.
Rg1 g2 54. Rb1 e3 55. b7 Kf2 56. Kd3 Rd8+ 0-1

[Event "28th Czech Open A 2017"]
[Site "Pardubice CZE"]
[Date "2017.07.25"]
[Round "5.37"]
[White "Potapov, Pavel"]
[Black "Galchenko, Matvey"]
[Result "1/2-1/2"]
[WhiteTitle "GM"]
[BlackTitle "FM"]
[WhiteElo "2495"]
[BlackElo "2336"]
[WhiteFideId "4169786"]
[BlackFideId "24175480"]
[EventDate "2017.07.21"]

1. e4 e6 2. Nf3 d5 3. Nc3 d4 4. Ne2 c5 5. c3 Nf6 6. Ng3 a6 7. Qa4+ Bd7 8. Qb3
Nc6 9. d3 Bd6 10. Be2 O-O 11. O-O b5 12. cxd4 cxd4 13. Bd2 e5 14. Rac1 Rc8 15.
h3 Re8 16. Ng5 Qe7 17. Nf5 Bxf5 18. exf5 Nb8 19. Bf3 Nbd7 20. Bc6 Rf8 21. Bxd7
Qxd7 22. Ne4 Be7 23. g4 Nxe4 24. dxe4 Qb7 25. Qd3 Rxc1 26. Rxc1 Rc8 27. Rxc8+
Qxc8 28. b3 g5 29. Kf1 f6 30. Ke2 Qc6 1/2-1/2

[Event "28th Czech Open A 2017"]
[Site "Pardubice CZE"]
[Date "2017.07.25"]
[Round "5.38"]
[White "Teske, Henrik"]
[Black "Mueller, Ralf1"]
[Result "0-1"]
[WhiteTitle "GM"]
[BlackTitle "FM"]
[WhiteElo "2486"]
[BlackElo "2330"]
[WhiteFideId "4611500"]
[BlackFideId "4606612"]
[EventDate "2017.07.21"]

1. e4 e5 2. Nf3 Nc6 3. Bc4 Nf6 4. Ng5 d5 5. exd5 Na5 6. Bb5+ Bd7 7. Qe2 Be7 8.
Nc3 Bxb5 9. Qxb5+ c6 10. dxc6 Nxc6 11. Qxb7 Nd4 12. O-O O-O 13. b3 Rb8 14. Qa6
Nd5 15. Nge4 Nb4 16. Qa4 f5 17. Ng3 Ndxc2 18. Rb1 Rf6 19. a3 Ra6 20. axb4 Rxa4
21. bxa4 Qd3 22. b5 h5 23. f4 e4 24. Nge2 Bc5+ 0-1

[Event "28th Czech Open A 2017"]
[Site "Pardubice CZE"]
[Date "2017.07.25"]
[Round "5.39"]
[White "Lerch, Philipp"]
[Black "Krylov, Mikhail RUS"]
[Result "1/2-1/2"]
[WhiteTitle "FM"]
[BlackTitle "GM"]
[WhiteElo "2320"]
[BlackElo "2485"]
[WhiteFideId "4654129"]
[BlackFideId "4151364"]
[EventDate "2017.07.21"]

1. Nf3 g6 2. d4 Nf6 3. Bf4 Bg7 4. e3 d6 5. Be2 O-O 6. O-O Nc6 7. h3 Nd7 8. c4 e5
9. Bh2 exd4 10. Nxd4 Nxd4 11. exd4 Qh4 12. Nc3 Nb8 13. c5 dxc5 14. d5 Na6 15.
Bxa6 bxa6 16. Bxc7 Bd7 17. Qf3 Rfe8 18. Rfe1 Qb4 19. Re2 Rxe2 20. Qxe2 Re8 21.
Qd2 Bd4 22. Bf4 h5 23. Rd1 Bf5 24. Be3 Be5 25. Re1 Bd4 26. Rd1 Be5 27. Re1 Bd4
28. Rd1 Be5 29. Re1 1/2-1/2

[Event "28th Czech Open A 2017"]
[Site "Pardubice CZE"]
[Date "2017.07.25"]
[Round "5.40"]
[White "Kantor, Gergely"]
[Black "Havelka, Josef"]
[Result "1-0"]
[WhiteTitle "IM"]
[BlackTitle "FM"]
[WhiteElo "2481"]
[BlackElo "2326"]
[WhiteFideId "751499"]
[BlackFideId "361097"]
[EventDate "2017.07.21"]

1. d4 Nf6 2. c4 c5 3. d5 e6 4. Nc3 exd5 5. cxd5 d6 6. e4 g6 7. f4 Bg7 8. Bb5+
Nfd7 9. Bd3 O-O 10. Nf3 Na6 11. O-O Nc7 12. a4 a6 13. a5 Rb8 14. Kh1 b5 15. axb6
Rxb6 16. Nd2 Rb4 17. Nc4 Nf6 18. f5 Nb5 19. Bg5 Qc7 20. e5 dxe5 21. d6 Qb7 22.
Na5 Qa8 23. Bxf6 Bxf6 24. fxg6 fxg6 25. Nd5 Rxb2 26. Rxf6 Be6 27. Be4 Kg7 28.
Rxe6 Rff2 29. Re7+ Kf8 1-0

[Event "28th Czech Open A 2017"]
[Site "Pardubice CZE"]
[Date "2017.07.25"]
[Round "5.41"]
[White "Kislinsky, Alexey"]
[Black "Tokranovs, Dmitrijs"]
[Result "1-0"]
[WhiteTitle "GM"]
[BlackTitle "FM"]
[WhiteElo "2479"]
[BlackElo "2325"]
[WhiteFideId "14108801"]
[BlackFideId "11603011"]
[EventDate "2017.07.21"]

1. e4 d5 2. exd5 Qxd5 3. Nc3 Qa5 4. d4 Nf6 5. Bc4 Bf5 6. Bd2 c6 7. Nd5 Qd8 8.
Nxf6+ exf6 9. Qf3 Bxc2 10. Rc1 Bg6 11. Ne2 Bd6 12. h4 Qe7 13. h5 Be4 14. Qg4 Nd7
15. f3 b5 16. fxe4 bxc4 17. Rxc4 c5 18. Qxg7 O-O-O 19. Qg4 Kb7 20. Qf3 Kb8 21.
Bf4 Rc8 22. O-O Rhe8 23. Ng3 Bxf4 24. Qxf4+ Ka8 25. Nf5 Qe6 26. Nd6 Rb8 27. d5
Qe5 28. Nxe8 Rxe8 29. Qxe5 Rxe5 30. b4 cxb4 31. Rxb4 a5 32. Ra4 Kb7 33. Rb1+ Kc7
34. Rb5 Kd6 35. Rc4 f5 36. Rc6+ Ke7 37. exf5 Rxf5 38. Rxa5 Ne5 39. Rh6 Kf8 40.
Rxh7 Kg8 41. Rh6 Nc4 42. Ra8+ Kg7 43. Rc6 Ne5 44. Rc1 Rxh5 45. d6 Kf6 46. Rd1
Ke6 47. d7 1-0

[Event "28th Czech Open A 2017"]
[Site "Pardubice CZE"]
[Date "2017.07.25"]
[Round "5.43"]
[White "Horvath, Dominik"]
[Black "Bilguun, Sumiya"]
[Result "1-0"]
[WhiteTitle "FM"]
[BlackTitle "IM"]
[WhiteElo "2310"]
[BlackElo "2460"]
[WhiteFideId "1642561"]
[BlackFideId "4901541"]
[EventDate "2017.07.21"]

1. d4 d5 2. c4 e6 3. Nc3 Bb4 4. Nf3 dxc4 5. e4 b5 6. a4 c6 7. Bd2 a5 8. axb5
Bxc3 9. Bxc3 cxb5 10. Qd2 Nf6 11. Qg5 Bd7 12. e5 Nd5 13. Qxg7 Rf8 14. Bd2 Bc6
15. Ng5 Nd7 16. Be2 Qb6 17. Nxe6 fxe6 18. Bg5 Nxe5 19. Qxe5 Kd7 20. Bg4 Rae8 21.
Bh5 Ra8 22. Qg7+ Kd6 23. Bf7 Rxf7 24. Qxf7 Qxd4 25. O-O Qg4 26. h4 h6 27. Bxh6
Kc5 28. Qf3 Qxh4 29. Be3+ Kd6 30. Rfd1 a4 31. Rd4 Qh7 32. Qg3+ Kd7 33. Rg4 Qd3
34. Rg7+ Ne7 35. Bc5 Re8 36. Qh4 Kc8 37. Rxe7 Rg8 38. Rg7 Rxg7 39. Qh8+ Qd8 40.
Qxg7 Qd5 41. Bb6 Qd6 42. Qd4 Kd7 43. Qxd6+ Kxd6 44. g4 b4 45. g5 c3 46. Ba5 1-0

[Event "28th Czech Open A 2017"]
[Site "Pardubice CZE"]
[Date "2017.07.25"]
[Round "5.44"]
[White "Nasuta, Grzegorz"]
[Black "Aliyev, Ravan"]
[Result "1/2-1/2"]
[WhiteTitle "IM"]
[WhiteElo "2455"]
[BlackElo "2311"]
[WhiteFideId "1141686"]
[BlackFideId "13409980"]
[EventDate "2017.07.21"]

1. e4 e6 2. f4 d5 3. e5 c5 4. Nf3 Nc6 5. c3 Nge7 6. Na3 Nf5 7. Nc2 Be7 8. Bd3 d4
9. Qe2 a6 10. b3 b5 11. Bb2 dxc3 12. dxc3 Bb7 13. O-O Qb6 14. Bxf5 exf5 15. Ne3
g6 16. Rad1 Rd8 17. Rxd8+ Nxd8 18. c4 Be4 19. Nd2 Qb7 20. Nxe4 Qxe4 21. cxb5
axb5 22. Qxb5+ Nc6 23. Nc4 O-O 24. Nd6 Qe3+ 25. Kh1 Nb4 26. Bc1 Qd4 27. Qe2 Ra8
28. a3 Qd3 29. Qf3 Qxf3 30. Rxf3 Nc2 31. a4 Nd4 32. Rd3 Rb8 33. Be3 Nxb3 34. g3
Rb4 35. Rc3 Kf8 36. Bxc5 Nxc5 37. Rxc5 Rxa4 38. Rc8+ Kg7 39. Ne8+ Kf8 40. Nf6+
Kg7 41. Rg8+ Kh6 42. Nd5 Ra1+ 43. Kg2 Ra2+ 44. Kf1 Bc5 45. Rc8 Bd4 46. Nf6 Rxh2
47. Rc7 g5 48. Rd7 gxf4 49. Rxd4 fxg3 50. Rd3 Kg5 51. Rxg3+ Kf4 52. Rg7 1/2-1/2

[Event "28th Czech Open A 2017"]
[Site "Pardubice CZE"]
[Date "2017.07.25"]
[Round "5.45"]
[White "Carlsson, Pontus"]
[Black "Urazayev, Arystanbek"]
[Result "1/2-1/2"]
[WhiteTitle "GM"]
[BlackTitle "CM"]
[WhiteElo "2453"]
[BlackElo "2322"]
[WhiteFideId "1705814"]
[BlackFideId "13709810"]
[EventDate "2017.07.21"]

1. e4 e5 2. Nf3 Nc6 3. Bb5 a6 4. Ba4 Nf6 5. O-O Be7 6. Re1 b5 7. Bb3 O-O 8. a4
b4 9. d4 d6 10. dxe5 dxe5 11. Qxd8 Rxd8 12. Nbd2 Bc5 13. h3 Bb7 14. Bc4 Nd4 15.
Bd3 Nd7 16. a5 Nxf3+ 17. Nxf3 f6 18. Kf1 Bc6 19. Ke2 Bb5 20. Nd2 Rab8 21. Nb3
Kf7 22. Rd1 Ba7 23. Be3 Bxe3 24. Kxe3 Ke7 25. g3 Rdc8 26. Nd2 Nc5 27. Bxb5 Rxb5
28. f4 Nb7 29. fxe5 Rxe5 30. Nf3 Rxa5 31. Nd4 Rxa1 32. Nc6+ Ke6 33. Rxa1 a5 34.
Ra4 Kf7 35. b3 Ra8 36. Nxb4 Nc5 37. Ra1 Re8 38. Rxa5 Rxe4+ 39. Kf3 Nxb3 40. Kxe4
Nxa5 41. Na6 c6 42. Kd4 Ke7 43. Kc5 Kd7 44. Nb8+ Kc7 45. Na6+ Kb7 46. Nb4 f5 47.
Kd4 Kb6 48. Ke5 g6 49. Kf6 Nc4 50. Kg7 Ne5 51. Kxh7 Kc5 52. Na6+ Kd4 53. Kh6 c5
54. Kg5 c4 55. Kf6 Nd3 56. Kxg6 f4 57. gxf4 Nxf4+ 58. Kf5 Nxh3 59. Nc7 Kc3 60.
Nb5+ Kxc2 1/2-1/2

[Event "28th Czech Open A 2017"]
[Site "Pardubice CZE"]
[Date "2017.07.25"]
[Round "5.46"]
[White "Nun, Jiri"]
[Black "Nagy, Gabor1"]
[Result "0-1"]
[WhiteTitle "IM"]
[BlackTitle "IM"]
[WhiteElo "2303"]
[BlackElo "2452"]
[WhiteFideId "300179"]
[BlackFideId "737119"]
[EventDate "2017.07.21"]

1. e4 e5 2. Nf3 Nc6 3. Bc4 Nf6 4. d3 Be7 5. Bb3 O-O 6. Nbd2 d6 7. c3 Nh5 8. Nf1
Nf4 9. Bxf4 exf4 10. Qd2 g5 11. h4 g4 12. Ng1 Kh8 13. Qxf4 f5 14. Qd2 fxe4 15.
dxe4 Bxh4 16. g3 Bg5 17. Ne3 Qf6 18. Rh2 Be6 19. Bxe6 Qxe6 20. Qd5 Qxd5 21. Nxd5
Rf7 22. Kf1 Re8 23. Re1 Ne5 24. Re2 Nd3 25. Nb4 Nc1 26. Re1 a5 27. Nd5 Nd3 28.
Re2 b5 29. b3 c6 30. Nf4 Bxf4 31. gxf4 Rxf4 32. Re3 Nc5 33. e5 Rxe5 34. Rxe5
dxe5 35. Ne2 Rf3 36. Ng3 Rxc3 37. Rh6 Nd3 38. Ne4 Rc1+ 39. Ke2 Nf4+ 40. Kd2 Ra1
41. Rxc6 Rxa2+ 42. Ke1 Re2+ 0-1

[Event "28th Czech Open A 2017"]
[Site "Pardubice CZE"]
[Date "2017.07.25"]
[Round "5.47"]
[White "Zhurov, Sergey"]
[Black "Garakov, Mikhael"]
[Result "0-1"]
[BlackTitle "IM"]
[WhiteElo "2297"]
[BlackElo "2447"]
[WhiteFideId "4105788"]
[BlackFideId "4169034"]
[EventDate "2017.07.21"]

1. e4 c5 2. Nf3 e6 3. d4 cxd4 4. Nxd4 Nc6 5. Nc3 Qc7 6. Be3 a6 7. Qf3 d6 8.
O-O-O Nf6 9. Be2 h5 10. Bg5 Be7 11. Qg3 Bd7 12. f4 b5 13. a3 b4 14. axb4 Nxb4
15. e5 dxe5 16. fxe5 Na2+ 17. Nxa2 Ne4 18. Qf3 Bxg5+ 19. Kb1 Qxe5 20. Bd3 f5 21.
Rhe1 Qxd4 22. Bxe4 fxe4 23. Rxe4 Qf6 24. Rxe6+ Qxe6 25. Qxa8+ Bd8 26. Nb4 O-O
27. Qxa6 Qxa6 28. Nxa6 Bg4 29. Rd2 Rf1+ 30. Ka2 Be6+ 31. c4 Bxc4+ 32. b3 Bg5 0-1

[Event "28th Czech Open A 2017"]
[Site "Pardubice CZE"]
[Date "2017.07.25"]
[Round "5.48"]
[White "Friedland, Moshe"]
[Black "Jansa, Vlastimil"]
[Result "0-1"]
[BlackTitle "GM"]
[WhiteElo "2289"]
[BlackElo "2446"]
[WhiteFideId "2812843"]
[BlackFideId "300128"]
[EventDate "2017.07.21"]

1. e4 c5 2. Nf3 e6 3. Nc3 a6 4. d4 cxd4 5. Nxd4 Nc6 6. Nxc6 bxc6 7. Bd3 d5 8.
O-O Nf6 9. Re1 Be7 10. e5 Nd7 11. Qg4 Kf8 12. Na4 c5 13. c4 Qa5 14. Qd1 d4 15.
b3 Bb7 16. Qe2 Qc7 17. Bd2 h5 18. Nb2 g6 19. Be4 Kg7 20. Nd3 a5 21. Rab1 Nb8 22.
h4 Bxe4 23. Qxe4 Nc6 24. g3 Ra7 25. a4 Qb6 26. Rb2 Bd8 27. Kg2 Be7 28. Kg1 Rb7
29. Kg2 Qc7 30. Kg1 Rhb8 31. Reb1 Rb6 32. Qe1 Qa7 33. Qd1 Qa8 34. Qe1 R8b7 35.
Qd1 Qb8 36. Bf4 Nb4 37. Nxb4 Rxb4 38. Qc2 R4b6 39. Qd3 Ra6 40. Qe4 Rab6 41. Qd3
Bd8 42. Bd2 Qxe5 43. Bxa5 Rd6 44. Bd2 Qf5 45. Qxf5 gxf5 46. b4 Ra6 47. a5 cxb4
48. Rxb4 Rxb4 49. Bxb4 e5 50. Kf1 Kf6 51. f4 e4 52. Bc5 d3 53. Bb6 Ke7 54. c5
Ra8 55. Kf2 Kd7 56. Ke3 Bf6 57. Rb3 Kc6 58. Rb1 Rg8 59. a6 Rxg3+ 60. Kf2 Bxh4
61. Bd8 e3+ 62. Kf1 Rf3+ 63. Kg1 Rxf4 64. Ra1 d2 65. Bxh4 e2 0-1

[Event "28th Czech Open A 2017"]
[Site "Pardubice CZE"]
[Date "2017.07.25"]
[Round "5.49"]
[White "Sundararajan, Kidambi"]
[Black "Yelisieiev, Yevhenii"]
[Result "1/2-1/2"]
[WhiteTitle "GM"]
[BlackTitle "FM"]
[WhiteElo "2444"]
[BlackElo "2317"]
[WhiteFideId "5005370"]
[BlackFideId "14139642"]
[EventDate "2017.07.21"]

1. Nf3 d6 2. d4 Nf6 3. c4 Nbd7 4. Nc3 e5 5. Bg5 Be7 6. e3 O-O 7. Qc2 c6 8. Bd3
h6 9. Bh4 Nh5 10. Bxe7 Qxe7 11. O-O Re8 12. Rad1 Nhf6 13. Bf5 Nf8 14. Bxc8 Raxc8
15. c5 exd4 16. cxd6 Qxd6 17. Nxd4 Qc5 18. Qb3 Rc7 19. Rc1 Qa5 20. Qc4 Ne6 21.
Nxe6 Rxe6 22. Rfd1 Rd7 23. Rxd7 Nxd7 24. Rd1 Nf6 25. h3 Re8 26. Qd4 Qb6 27. Qxb6
axb6 28. a4 Kf8 29. Rd4 Re6 30. Kf1 Ke7 31. Ke2 Nd7 32. g4 g5 33. Rb4 1/2-1/2

[Event "28th Czech Open A 2017"]
[Site "Pardubice CZE"]
[Date "2017.07.25"]
[Round "5.50"]
[White "Shemeakin, Alexander"]
[Black "Biolek, Richard Jr."]
[Result "0-1"]
[WhiteTitle "IM"]
[BlackTitle "IM"]
[WhiteElo "2276"]
[BlackElo "2437"]
[WhiteFideId "14101840"]
[BlackFideId "319996"]
[EventDate "2017.07.21"]

1. d4 Nf6 2. c4 g6 3. Nc3 Bg7 4. e4 d6 5. Nge2 O-O 6. Ng3 e5 7. d5 a5 8. Be2 Na6
9. Bg5 h6 10. Be3 h5 11. Bg5 Qe8 12. O-O Nh7 13. Be3 h4 14. Nh1 Nc5 15. Qd2 b6
16. Rae1 Qe7 17. Bd1 Bf6 18. Bc2 Bg5 19. Bxg5 Nxg5 20. f4 exf4 21. Qxf4 h3 22.
g3 Nd7 23. Nf2 Ne5 24. Nd3 f6 25. Nxe5 fxe5 26. Qxf8+ Qxf8 27. Rxf8+ Kxf8 28.
Rf1+ Ke7 29. Nb5 Bd7 30. Nc3 Bg4 31. b3 Bf3 32. Re1 Rf8 33. Nb1 Bg2 34. Nd2 Nf3+
35. Nxf3 Rxf3 36. Rd1 Rc3 37. Rd2 a4 38. Kf2 Kf6 39. Ke1 axb3 40. axb3 Rxg3 41.
hxg3 h2 42. Rxg2 h1=Q+ 43. Kf2 Qa1 44. Kf3 Qc3+ 45. Kg4 Qe3 46. Rh2 Ke7 47. Rg2
Kd8 48. Rh2 Kc8 49. Rg2 Kb7 50. Rh2 Ka6 51. Rg2 Ka5 52. Rh2 Kb4 53. Rg2 Kc3 54.
Rh2 Qg1 55. Re2 Qh1 0-1

[Event "28th Czech Open A 2017"]
[Site "Pardubice CZE"]
[Date "2017.07.25"]
[Round "5.51"]
[White "Akesson, Ralf"]
[Black "Badelka, Olga"]
[Result "1-0"]
[WhiteTitle "GM"]
[WhiteElo "2435"]
[BlackElo "2309"]
[WhiteFideId "1700120"]
[BlackFideId "13509926"]
[EventDate "2017.07.21"]

1. d4 d5 2. c4 dxc4 3. e4 Nf6 4. e5 Nd5 5. Bxc4 Nb6 6. Bd3 Nc6 7. Be3 Nb4 8. Be4
f5 9. exf6 exf6 10. Nc3 f5 11. Bf3 Be7 12. Nh3 Be6 13. O-O c6 14. Re1 O-O 15.
Bg5 Bxg5 16. Rxe6 N4d5 17. Qb3 Kh8 18. Nxd5 cxd5 19. a4 Bf6 20. Nf4 Qc7 21. g3
Qc4 22. Qxc4 Nxc4 23. b3 Na5 24. Bxd5 Bxd4 25. Rd1 Bc3 26. Rd3 Bb4 27. Rd4 Bc3
28. Ng6+ hxg6 29. Rh4+ Kg8 30. Re8# 1-0

[Event "28th Czech Open A 2017"]
[Site "Pardubice CZE"]
[Date "2017.07.25"]
[Round "5.52"]
[White "Granovskiy, Alexandr"]
[Black "Kazakovskiy, Valeriy"]
[Result "1-0"]
[WhiteTitle "IM"]
[BlackTitle "IM"]
[WhiteElo "2282"]
[BlackElo "2433"]
[WhiteFideId "13700243"]
[BlackFideId "13507443"]
[EventDate "2017.07.21"]

1. d4 Nf6 2. Bg5 e6 3. e4 h6 4. Bxf6 Qxf6 5. Nf3 d6 6. e5 Qe7 7. Nbd2 Nd7 8. c3
g5 9. h3 Bg7 10. Nc4 b6 11. Qa4 Bb7 12. exd6 cxd6 13. Qa3 Bf8 14. Be2 d5 15.
Qxe7+ Kxe7 16. Nce5 Nf6 17. Nd2 Bg7 18. h4 Rac8 19. h5 Ne4 20. Nf1 Rhd8 21. f3
Nd6 22. Ne3 Ke8 23. O-O-O f5 24. Ng6 b5 25. Nc2 Kf7 26. Rhe1 a6 27. Kb1 Bf6 28.
Bd3 f4 29. Ne5+ Kg7 30. Ng4 Re8 31. Bg6 Re7 32. Nb4 Rcc7 33. Nd3 Bc8 34. Re2 Nf5
35. Rde1 Ng3 36. Nxf6 Nxe2 37. Ne8+ Rxe8 38. Bxe8 Ng3 39. Bg6 Kf6 40. Ne5 Bd7
41. Kc2 Bc8 42. Ng4+ Kg7 43. Kb3 a5 44. Ne5 Kf6 45. Bd3 Nf5 46. Bxb5 Rb7 47. a4
Nd6 48. Kc2 Nxb5 49. axb5 Rxb5 50. Ra1 Bb7 51. b3 g4 52. Nxg4+ Kg5 53. Rh1 Bc6
54. Re1 Be8 55. Rxe6 Bxh5 56. Ne5 Rb8 57. Kb2 Be8 58. Ka3 h5 59. Nd3 a4 60. bxa4
Ra8 61. Re5+ Kh4 62. Nxf4 Bxa4 63. Kb4 Be8 64. Kc5 Kg3 65. Nxh5+ Kxg2 66. Nf4+
Kxf3 67. Nxd5 Rc8+ 68. Kb6 Bf7 69. Rf5+ Ke4 70. Rxf7 Kxd5 71. Rd7+ 1-0

[Event "28th Czech Open A 2017"]
[Site "Pardubice CZE"]
[Date "2017.07.25"]
[Round "5.53"]
[White "Kaczur, Florian"]
[Black "Mertanen, Janne"]
[Result "1-0"]
[BlackTitle "FM"]
[WhiteElo "2433"]
[BlackElo "2302"]
[WhiteFideId "705098"]
[BlackFideId "501875"]
[EventDate "2017.07.21"]

1. e4 e5 2. Nf3 Nc6 3. Nc3 Nf6 4. Bb5 Bb4 5. O-O O-O 6. d3 Bxc3 7. bxc3 d6 8.
Re1 Qe7 9. d4 Bg4 10. h3 Bxf3 11. Qxf3 Nd8 12. Qg3 a6 13. Bd3 Nh5 14. Qg4 g6 15.
a4 Nc6 16. Be3 Qf6 17. Rab1 Na5 18. g3 Qe7 19. Kh2 c5 20. dxc5 dxc5 21. Rb6 Rac8
22. Reb1 Qe8 23. Bh6 Ng7 24. Qg5 f5 25. exf5 Rxf5 26. Bxf5 Nxf5 27. Rf6 Nxh6 28.
Qxh6 Rc7 29. Rd1 Nc6 30. Qe3 Qe7 31. Rfd6 1-0